| 000 | 00419nam a2200181Ia 4500 | ||
|---|---|---|---|
| 003 | 0100 | ||
| 008 | 130303s9999 xx 000 0 und d | ||
| 040 | _cARRUPELIB | ||
| 050 | _aPS3551.N464A171994 | ||
| 100 | _aAngelou, Maya | ||
| 245 | 4 | _aThe Complete Collected Poems of Maya Angelou | |
| 250 | _afirst edition | ||
| 260 | _aNY | ||
| 260 | _bRandom House Inc | ||
| 260 | _C1994 | ||
| 300 | _a273p | ||
| 942 | 0 | 0 | _02 |
| 999 |
_c18614 _d18614 |
||